| 000 | 00436nam a22001697a 4500 | ||
|---|---|---|---|
| 999 |
_c6350 _d6348 |
||
| 005 | 20210825135721.0 | ||
| 008 | 200520b xxu||||| |||| 00| 0 eng d | ||
| 020 | _a9788174733122 | ||
| 041 | _aeng | ||
| 082 | _a616.07 PUN | ||
| 100 |
_aPunia, Md. Rajpal S _95647 |
||
| 245 | _aViva in Pathology ( Theory and Practical Experiments) | ||
| 260 |
_aDelhi _bAITBS PUBLISHERS |
||
| 300 | _a182p. | ||
| 650 |
_aPharmacy _96628 |
||
| 942 | _cBK | ||